000 00529 a2200181 4500
999 _c8308
_d8308
010 _aENG-88401
020 _a8178801973
_c600.00
035 _aEN-71934
037 _bDBAD / PUB
082 1 4 _a338.4791
100 1 _aPruthi, R.K.
245 1 _aNature based tourism/
_cby R.K. Pruthi
260 _aNew Delhi
_bRajat Publications
_c2006
270 _a4675/21, Ansari Road, Darya Ganj,
_bNew Dehli
_e110 002
300 _av, 270p.
_c22cm (Hb)
500 _aIncludes index
942 _adpl
_cEN
_2ddc
_h338.4791
_mPRU